[Event "Online Olym Div3 B 2020"]
[Site "chess.com INT"]
[Date "2020.07.09"]
[Round "8.3"]
[Board "1"]
[White "Pereira, Ruben"]
[Black "Thilakarathne, G M H"]
[Result "1-0"]
[WhiteTitle "IM"]
[BlackTitle "FM"]
[WhiteElo "2440"]
[BlackElo "2398"]
[WhiteTeam "Portugal"]
[BlackTeam "Sri Lanka"]
[WhiteFideId "1903063"]
[BlackFideId "9912053"]
[EventDate "2020.07.07"]
[EventType "team"]

1. e4 c5 2. Nc3 e6 3. f4 a6 4. a4 b6 5. Nf3 Bb7 6. g3 Nf6 7. d3 h5 8. Bg2 d5 9.
Qe2 Be7 10. O-O Nc6 11. f5 d4 12. fxe6 dxc3 13. exf7+ Kxf7 14. bxc3 Re8 15. d4
Na5 16. e5 Kg8 17. exf6 Bxf6 18. Qf2 Be7 19. Bf4 cxd4 20. cxd4 Bf6 21. Rad1 Rc8
22. d5 Nc4 23. d6 Qd7 24. Ng5 Bxg2 25. Qxg2 Bxg5 26. Qd5+ Kh8 27. Qxg5 Rc5 28.
Qg6 Re6 29. Qd3 Nb2 30. Qxa6 Nxd1 31. Rxd1 Rxc2 32. Qa8+ Kh7 33. Qf3 g6 34. Qd3
Ree2 35. Bd2 Qg4 36. d7 Rexd2 37. Rxd2 Rc1+ 38. Kg2 Qe6 39. d8=Q Qe1 40. Q3d7+
Kh6 41. Qh8+ Kg5 42. Qd5+ Kg4 43. Rd4+ 1-0

[Event "Online Olym Div3 B 2020"]
[Site "chess.com INT"]
[Date "2020.07.09"]
[Round "8.3"]
[Board "2"]
[White "Alahakoon, Isuru"]
[Black "Santos, Jose Guilherme B Lima"]
[Result "0-1"]
[WhiteTitle "FM"]
[WhiteElo "2107"]
[BlackElo "2195"]
[WhiteTeam "Sri Lanka"]
[BlackTeam "Portugal"]
[WhiteFideId "9900993"]
[BlackFideId "1939300"]
[EventDate "2020.07.07"]
[EventType "team"]

1. e4 c5 2. Nf3 d6 3. Bb5+ Nd7 4. a4 Nf6 5. Nc3 a6 6. Be2 g6 7. O-O Bg7 8. d4
cxd4 9. Nxd4 O-O 10. Be3 Nc5 11. f3 e5 12. Nb3 Nxb3 13. cxb3 Be6 14. Bc4 Rc8 15.
Qd3 Qc7 16. Rfd1 Bxc4 17. bxc4 Qxc4 18. Qxc4 Rxc4 19. Rxd6 Rb4 20. Rxf6 Bxf6 21.
Nd5 Rxb2 22. Nxf6+ Kg7 23. Ng4 Rc8 24. Bh6+ Kg8 25. Rd1 f5 26. Nxe5 Re8 27. exf5
Rxe5 28. f6 Kf7 29. Rd7+ Kxf6 30. h4 Ree2 31. Bg7+ Ke6 32. Bxb2 Kxd7 33. Bd4 Ra2
34. Kh2 Rxa4 35. Bf6 b5 36. Kg3 b4 37. f4 b3 38. Kg4 Ra2 39. g3 a5 40. Kg5 a4
41. Kh6 a3 42. g4 b2 43. g5 b1=Q 44. h5 Rh2 45. Kxh7 Rxh5+ 46. Kg7 Qb8 47. Kxg6
Qe8+ 48. Kf5 Qf7 49. Kg4 Rh1 50. f5 Qh5+ 51. Kf4 Rh4+ 52. Ke5 Qe2+ 53. Kd5 Qb5# 0-1

[Event "Online Olym Div3 B 2020"]
[Site "chess.com INT"]
[Date "2020.07.09"]
[Round "8.3"]
[Board "3"]
[White "Jorge, Rita Maria Osorio"]
[Black "Dahampriya, H K T Dewnethmie"]
[Result "0-1"]
[WhiteTitle "WFM"]
[WhiteElo "1983"]
[BlackElo "1868"]
[WhiteTeam "Portugal"]
[BlackTeam "Sri Lanka"]
[WhiteFideId "1923161"]
[BlackFideId "9931180"]
[EventDate "2020.07.07"]
[EventType "team"]

1. e4 c5 2. Nf3 d6 3. Bb5+ Bd7 4. Bxd7+ Qxd7 5. O-O Nf6 6. Re1 Nc6 7. c3 e6 8.
d4 cxd4 9. cxd4 d5 10. e5 Ne4 11. Nbd2 Nxd2 12. Bxd2 Be7 13. Rc1 O-O 14. h3 Rfc8
15. Rc3 Bd8 16. Rd3 Ne7 17. Nh2 a5 18. Qg4 Nf5 19. Nf1 Qb5 20. Rb3 Qa4 21. Ng3
Nxg3 22. Rxg3 g6 23. a3 Qc2 24. Bc3 b5 25. Re2 Qd1+ 26. Kh2 Be7 27. h4 b4 28.
axb4 axb4 29. Be1 Bxh4 30. Qxh4 Qxe2 31. Rh3 h5 32. Bxb4 Qe4 33. Qg5 Qf5 34. Qh6
Ra7 35. Bd2 f6 36. Rf3 Qg4 37. Rxf6 Qh4+ 0-1

[Event "Online Olym Div3 B 2020"]
[Site "chess.com INT"]
[Date "2020.07.09"]
[Round "8.3"]
[Board "4"]
[White "Pavalachandran, Ashvini"]
[Black "Ferreira, Ana Margarida"]
[Result "1-0"]
[WhiteElo "1713"]
[BlackElo "1783"]
[WhiteTeam "Sri Lanka"]
[BlackTeam "Portugal"]
[WhiteFideId "9932518"]
[BlackFideId "1907000"]
[EventDate "2020.07.07"]
[EventType "team"]

1. d4 Nf6 2. c4 g6 3. Nc3 Bg7 4. e4 d6 5. Nf3 O-O 6. Be2 e5 7. d5 Nh5 8. O-O h6
9. Re1 f5 10. Nd2 Nf6 11. f3 f4 12. Rb1 a5 13. a3 g5 14. b4 Qe8 15. c5 Qg6 16.
Nb5 g4 17. Nxc7 Rf7 18. Nxa8 Bf8 19. Nb6 gxf3 20. Bxf3 Bg4 21. cxd6 axb4 22.
Nbc4 Nbd7 23. axb4 Rg7 24. Bb2 Qh5 25. Bxg4 Nxg4 26. h3 b5 27. hxg4 Rxg4 28. Na3
Bxd6 29. Nc2 Bb8 30. Ra1 Nb6 31. Ra6 Bc7 32. Qf3 Qh4 33. Rea1 Kg7 34. d6 Bxd6
35. Rxb6 Rg3 36. Qf2 Be7 37. Rb7 Kf6 38. Nf3 Qg4 39. Ra6+ Kf7 40. Nxe5+ 1-0

[Event "Online Olym Div3 B 2020"]
[Site "chess.com INT"]
[Date "2020.07.09"]
[Round "8.3"]
[Board "5"]
[White "Martins, Bruno Andre Leite"]
[Black "De Silva, L M S T"]
[Result "1-0"]
[BlackTitle "FM"]
[WhiteElo "2204"]
[BlackElo "2154"]
[WhiteTeam "Portugal"]
[BlackTeam "Sri Lanka"]
[WhiteFideId "1942255"]
[BlackFideId "9953698"]
[EventDate "2020.07.07"]
[EventType "team"]

1. e4 e5 2. Nf3 Nc6 3. Bb5 a6 4. Ba4 Nf6 5. O-O Be7 6. d3 d6 7. Re1 O-O 8. c3
Re8 9. h3 Bf8 10. Nbd2 b5 11. Bc2 Bb7 12. d4 Nb8 13. b3 g6 14. Bb2 Bg7 15. dxe5
dxe5 16. c4 Nbd7 17. cxb5 axb5 18. b4 Qe7 19. a3 Nh5 20. Qe2 Rab8 21. Rac1 Nf4
22. Qf1 c5 23. g3 Ne6 24. bxc5 Nexc5 25. Bc3 Rec8 26. Bb4 Qe8 27. Nb3 Nxb3 28.
Bxb3 Rxc1 29. Rxc1 Bh6 30. Rc7 Bxe4 31. Rxd7 Qxd7 32. Nxe5 Qb7 33. Nxf7 Bd5 34.
Nxh6+ Kg7 35. Bxd5 Qxd5 36. Ng4 Qf3 37. Qa1+ Kf7 38. Ne5+ 1-0

[Event "Online Olym Div3 B 2020"]
[Site "chess.com INT"]
[Date "2020.07.09"]
[Round "8.3"]
[Board "6"]
[White "Jayaweera, Sayuni Gihansa"]
[Black "Avelino, Camila Biscaya"]
[Result "1/2-1/2"]
[WhiteTitle "WCM"]
[WhiteElo "1698"]
[BlackElo "1732"]
[WhiteTeam "Sri Lanka"]
[BlackTeam "Portugal"]
[WhiteFideId "9917314"]
[BlackFideId "1938975"]
[EventDate "2020.07.07"]
[EventType "team"]

1. d4 Nf6 2. c4 g6 3. Nc3 Bg7 4. e4 d6 5. f3 O-O 6. Bg5 c5 7. d5 e6 8. Qd2 exd5
9. cxd5 h6 10. Be3 h5 11. Nge2 Nh7 12. O-O-O Nd7 13. f4 Qa5 14. Kb1 b5 15. Nc1
c4 16. N3e2 Qxd2 17. Rxd2 Re8 18. Nc3 Bxc3 19. bxc3 Rxe4 20. Re2 Nhf6 21. Bd4
Bb7 22. Rxe4 Nxe4 23. Be2 Bxd5 24. f5 a6 25. fxg6 fxg6 26. Kc2 Re8 27. Bf3 Nef6
28. Bxd5+ Nxd5 29. Kd2 N7f6 30. Rd1 Re6 31. Kc2 Kf7 32. a3 Ke7 33. Rd2 Ne3+ 34.
Bxe3 Rxe3 35. Re2 Rxe2+ 36. Nxe2 Ng4 37. Nf4 g5 38. Nxh5 Nxh2 39. Ng3 Ng4 40.
Kd2 Kf6 41. Ne4+ Ke5 42. Nxg5 Nf6 43. Ke3 Nd5+ 44. Kd2 Nf4 45. g3 Nh5 46. g4 Nf6
47. Nf7+ Ke6 48. Nh6 Ne4+ 49. Kc2 Kf6 50. Nf5 Kg5 51. Ne3 Kf4 52. Nd5+ Kxg4 53.
Nc7 Nc5 54. Ne8 Kf3 55. Nxd6 Ke3 56. Nf5+ Ke2 57. Nd4+ Kf2 58. Nc6 Ke1 59. Nd4
Nd7 60. Ne6 Ke2 61. Nc7 Nc5 62. Nd5 Kf3 63. Nb4 Ke4 64. Nc6 Kd5 65. Nd4 Kd6 66.
Nf5+ Kc6 67. Nd4+ Kb6 68. Kd2 Ka5 69. Kc2 Ka4 70. Kb2 Nd3+ 71. Ka2 Nc1+ 72. Kb2
Nd3+ 73. Ka2 a5 74. Nc2 Nf4 75. Ne3 Ne2 76. Nd1 Nc1+ 77. Kb2 Nd3+ 78. Ka2 b4 79.
axb4 axb4 80. cxb4 Kxb4 81. Kb1 Kb3 82. Ne3 c3 83. Nc2 Nf2 84. Na1+ Kc4 85. Kc2
Ne4 86. Nb3 Nd6 87. Na5+ Kb4 88. Nc6+ Kc4 1/2-1/2

[Event "Online Olym Div3 B 2020"]
[Site "chess.com INT"]
[Date "2020.07.09"]
[Round "8.4"]
[Board "1"]
[White "Oatlhotse, Providence"]
[Black "Song, Raymond"]
[Result "1-0"]
[WhiteTitle "IM"]
[BlackTitle "IM"]
[WhiteElo "2190"]
[BlackElo "2485"]
[WhiteTeam "Botswana"]
[BlackTeam "Chinese Taipei"]
[WhiteFideId "11300507"]
[BlackFideId "3203824"]
[EventDate "2020.07.07"]
[EventType "team"]

1. c4 b6 2. e4 Bb7 3. Nc3 e5 4. Nf3 Nc6 5. d4 exd4 6. Nxd4 Bb4 7. Ne2 a5 8. Be3
Nf6 9. a3 Bc5 10. Qd2 Bxe3 11. Qxe3 O-O 12. O-O-O Re8 13. f3 Ne5 14. Nf4 Ba6 15.
Nb5 Bxb5 16. cxb5 Qe7 17. Kb1 a4 18. Be2 c6 19. Rd2 cxb5 20. Bxb5 Ra5 21. Nd5
Nxd5 22. Rxd5 Rb8 23. Rhd1 Ra7 24. Qd4 Ng6 25. g3 Nf8 26. Bxa4 Ne6 27. Qe5 Rd8
28. Bb3 Kf8 29. Rb5 d6 30. Qh5 Nc5 31. Qxh7 Qf6 32. Qf5 Qxf5 33. exf5 Rb7 34.
Bc2 Ke7 35. b4 Nd7 36. Re1+ Kf6 37. Rd5 Ne5 38. Rexe5 1-0

[Event "Online Olym Div3 B 2020"]
[Site "chess.com INT"]
[Date "2020.07.09"]
[Round "8.4"]
[Board "2"]
[White "Liu, Yeh Yang"]
[Black "Olebile, Thato"]
[Result "1/2-1/2"]
[BlackTitle "FM"]
[WhiteElo "1988"]
[BlackElo "2071"]
[WhiteTeam "Chinese Taipei"]
[BlackTeam "Botswana"]
[WhiteFideId "16300416"]
[BlackFideId "11300760"]
[EventDate "2020.07.07"]
[EventType "team"]

1. e4 c5 2. Nf3 Nc6 3. Bb5 g6 4. O-O Bg7 5. Re1 Nd4 6. Nxd4 cxd4 7. d3 a6 8. Bc4
d6 9. Nd2 Nf6 10. Nf3 b5 11. Bb3 Qb6 12. a4 Bb7 13. axb5 axb5 14. Rxa8+ Bxa8 15.
Bg5 O-O 16. Qd2 Re8 17. Qf4 e5 18. Qh4 Nd7 19. Bh6 Bf6 20. Ng5 d5 21. Qh3 Qd8
22. exd5 Nc5 23. Nxh7 Nxb3 24. Nxf6+ Qxf6 25. cxb3 Bxd5 26. b4 Be6 27. Qg3 Bf5
28. h4 e4 29. dxe4 Rxe4 30. Rxe4 Bxe4 31. Qb8+ Kh7 32. Bg5 Qe6 33. Qxb5 Qg4 34.
Qf1 Bd5 35. b5 d3 36. b6 Qe4 37. Be3 Bc4 38. Qe1 Bd5 39. f3 Qc4 40. Qc3 Qxh4 41.
Bf2 Qg5 42. Qxd3 Qc1+ 43. Qf1 Qxb2 44. Qd1 Qb5 45. g3 Bc6 46. Kg2 Qh5 47. Qe2
Bd5 48. Qe3 Qf5 49. Qf4 Qxf4 50. gxf4 Kg7 51. Kg3 Kf6 52. Bd4+ Kf5 53. Be5 f6
54. Bc7 Ke6 55. Kg4 Kd7 56. f5 gxf5+ 57. Kxf5 Bxf3 58. Kxf6 Bb7 59. Ke5 1/2-1/2

[Event "Online Olym Div3 B 2020"]
[Site "chess.com INT"]
[Date "2020.07.09"]
[Round "8.4"]
[Board "3"]
[White "Francis, Onkemetse"]
[Black "Shih, Ching-An"]
[Result "1-0"]
[WhiteTitle "WIM"]
[BlackTitle "WFM"]
[WhiteElo "1781"]
[BlackElo "1582"]
[WhiteTeam "Botswana"]
[BlackTeam "Chinese Taipei"]
[WhiteFideId "11301287"]
[BlackFideId "16300653"]
[EventDate "2020.07.07"]
[EventType "team"]

1. e4 e5 2. Nf3 d6 3. d4 exd4 4. Nxd4 Nf6 5. Nc3 Be7 6. Bc4 O-O 7. O-O Nbd7 8.
f4 Nc5 9. Qe2 a6 10. a4 Bg4 11. Nf3 Be6 12. Bd2 Bxc4 13. Qxc4 h6 14. Rad1 Qc8
15. h3 Re8 16. e5 Nh7 17. b4 Qe6 18. Qxe6 Nxe6 19. Nd5 dxe5 20. f5 Nd4 21. Nxc7
Nxc2 22. Nxa8 Rxa8 23. Nxe5 Nxb4 24. Bxb4 Bxb4 25. Rd7 Bc5+ 26. Kh1 b6 27. Nxf7
Nf6 28. Rd8+ Rxd8 29. Nxd8 a5 30. Ne6 Bb4 31. Rd1 Kf7 32. Nf4 Ne4 33. Rd7+ Kf6
34. Rb7 Kxf5 35. Nd5 Nc5 36. Rxb6 Nxa4 37. Rb5 Nc3 38. Nxc3+ Ke6 39. Ne2 Kf6 40.
Nc1 Be1 41. Nd3 Bd2 42. Nb2 Bc3 43. Na4 Bd2 44. Kg1 g6 45. Rb6+ Kf5 46. Ra6 h5
47. Nb2 g5 48. Nc4 Bb4 49. Nxa5 g4 50. Nc6 Bc5+ 51. Kf1 Be3 52. Ra5+ Kg6 53.
Ne5+ Kf6 54. hxg4 Bd2 55. Rb5 Bc3 56. gxh5 Bxe5 57. Rxe5 Kxe5 58. g4 Kf6 59. Kg2
Kg5 60. Kg3 Kh6 61. Kh4 Kh7 62. g5 Kg7 63. Kg4 Kh7 64. Kf5 Kg7 65. h6+ Kh7 66.
Kf6 Kg8 67. g6 Kh8 68. g7+ Kg8 69. Ke7 Kh7 70. Kf8 Kxh6 71. g8=Q Kh5 72. Kf7 Kh6
73. Qg6# 1-0

[Event "Online Olym Div3 B 2020"]
[Site "chess.com INT"]
[Date "2020.07.09"]
[Round "8.4"]
[Board "4"]
[White "Chen, Chi"]
[Black "Besa, Masaiti"]
[Result "1-0"]
[BlackTitle "WFM"]
[WhiteElo "1588"]
[BlackElo "1768"]
[WhiteTeam "Chinese Taipei"]
[BlackTeam "Botswana"]
[WhiteFideId "16301633"]
[BlackFideId "11310570"]
[EventDate "2020.07.07"]
[EventType "team"]

1. d4 Nf6 2. Nf3 d5 3. c4 g6 4. Nc3 Bg7 5. Bf4 c6 6. cxd5 Nxd5 7. Nxd5 Qxd5 8.
e3 Bg4 9. Be2 Nd7 10. O-O O-O 11. h3 Bf5 12. a3 c5 13. Rc1 cxd4 14. Nxd4 Rac8
15. Bf3 Be4 16. Bxe4 Qxe4 17. Ne2 Nb6 18. Qb3 Rfd8 19. Bc7 Rd2 20. Nc3 Bxc3 21.
Rxc3 Nd5 22. Rc4 Qe6 23. Ba5 Rxc4 24. Qxc4 Rxb2 25. Rd1 Nb6 26. Rd8+ Kg7 27.
Bc3+ Kh6 28. Qh4# 1-0

[Event "Online Olym Div3 B 2020"]
[Site "chess.com INT"]
[Date "2020.07.09"]
[Round "8.4"]
[Board "5"]
[White "Elias Thabo"]
[Black "Wang, Ting-Hao"]
[Result "1/2-1/2"]
[WhiteTitle "CM"]
[WhiteElo "1807"]
[BlackElo "1737"]
[WhiteTeam "Botswana"]
[BlackTeam "Chinese Taipei"]
[WhiteFideId "11312610"]
[BlackFideId "16300602"]
[EventDate "2020.07.07"]
[EventType "team"]

1. d4 Nf6 2. Nc3 d5 3. Bg5 e6 4. e4 dxe4 5. Nxe4 Be7 6. Bxf6 Bxf6 7. Nf3 b6 8.
c3 Bb7 9. Bd3 Nd7 10. Qc2 h6 11. O-O-O Qe7 12. Kb1 O-O-O 13. Qa4 Kb8 14. Rhe1 c5
15. dxc5 Nxc5 16. Nxc5 Qxc5 17. Qf4+ Qc7 18. Qe3 Rd7 19. Bb5 Rxd1+ 20. Rxd1 Rd8
21. Rxd8+ Qxd8 22. Kc2 Qd5 23. Qd3 Qxd3+ 24. Kxd3 Bxf3 25. gxf3 Bh4 26. Be8 f6
27. Bf7 e5 28. Ke4 Bxf2 29. Kf5 Be3 30. Kg6 Kc7 31. Kxg7 Bg5 32. Kg6 Kd6 33. Kf5
Kc5 34. Ke4 Bf4 35. h3 a5 36. Kd3 Bc1 37. Kc2 Bf4 38. b3 Bg5 39. a3 Bh4 40. b4+
axb4 41. axb4+ Kc6 42. c4 Be1 43. b5+ Kc5 44. Kd3 Bh4 45. Ke4 Bg5 46. Be6 Kd6
47. Bf5 Kc5 48. Be6 Kd6 49. Bf5 Kc5 50. Kd3 Bf4 51. Be4 h5 52. Bg6 h4 53. Be4
Bg5 54. Bf5 Bf4 55. Bg4 Bg5 56. Bf5 Bf4 57. Be6 Bg5 58. Ke4 Kd6 59. Bd5 Kc5 60.
Be6 Kd6 61. Bd5 Kc5 62. Kf5 Kd6 63. Ke4 1/2-1/2

[Event "Online Olym Div3 B 2020"]
[Site "chess.com INT"]
[Date "2020.07.09"]
[Round "8.4"]
[Board "6"]
[White "Tsai, Sophie Yi-Hsuan"]
[Black "Gabatshwarwe Refilwe"]
[Result "0-1"]
[BlackTitle "WCM"]
[WhiteElo "1131"]
[BlackElo "1750"]
[WhiteTeam "Chinese Taipei"]
[BlackTeam "Botswana"]
[WhiteFideId "16302087"]
[BlackFideId "11312734"]
[EventDate "2020.07.07"]
[EventType "team"]

1. e4 e5 2. Nf3 Nc6 3. Bc4 Bc5 4. c3 Nf6 5. d4 exd4 6. cxd4 Bb4+ 7. Bd2 Bxd2+ 8.
Nbxd2 d5 9. exd5 Nxd5 10. O-O O-O 11. Nb3 Bg4 12. Qd3 Nb6 13. Nbd2 Qf6 14. Ne4
Qg6 15. Nh4 Qh5 16. g3 Nxc4 17. Qxc4 Be2 18. Qc2 Nxd4 19. Qd2 Bxf1 20. Qxd4 Rad8
21. Qa4 Bh3 22. Re1 h6 23. f3 Qe5 24. Qb3 Rfe8 25. Kf2 Rd2+ 26. Kg1 Qd4+ 27. Kh1
Rxe4 28. fxe4 Qf2 29. Qxb7 Qxh2# 0-1

[Event "Online Olym Div3 B 2020"]
[Site "chess.com INT"]
[Date "2020.07.09"]
[Round "9.1"]
[Board "1"]
[White "Song, Raymond"]
[Black "Greet, Andrew N"]
[Result "0-1"]
[WhiteTitle "IM"]
[BlackTitle "IM"]
[WhiteElo "2485"]
[BlackElo "2417"]
[WhiteTeam "Chinese Taipei"]
[BlackTeam "Scotland"]
[WhiteFideId "3203824"]
[BlackFideId "405817"]
[EventDate "2020.07.07"]
[EventType "team"]

1. d4 e6 2. e4 d5 3. Nc3 Nf6 4. e5 Nfd7 5. f4 c5 6. Nf3 Nc6 7. Be3 a6 8. Qd2 b5
9. Nd1 Qb6 10. c3 a5 11. Bd3 b4 12. O-O Ba6 13. Nf2 Bxd3 14. Nxd3 c4 15. Nf2 a4
16. Rab1 Qa6 17. cxb4 Bxb4 18. Qc2 Ne7 19. g4 h5 20. h3 hxg4 21. hxg4 f5 22. a3
Ba5 23. Qxa4 fxg4 24. Nxg4 Nf5 25. Kg2 Bd8 26. Qc2 Rb8 27. Rh1 Rf8 28. Bf2 Rb3
29. Rh3 Nb8 30. Nd2 Rxh3 31. Kxh3 Qa7 32. Nf3 Qf7 33. Kg2 Qg6 34. Qa4+ Nd7 35.
Ng5 Bxg5 36. Rg1 Bxf4 37. Kf1 Bg3 38. Qc6 Qxg4 39. Qxe6+ Kd8 0-1

[Event "Online Olym Div3 B 2020"]
[Site "chess.com INT"]
[Date "2020.07.09"]
[Round "9.1"]
[Board "2"]
[White "Gourlay, Iain"]
[Black "Liu, Yeh Yang"]
[Result "1-0"]
[WhiteTitle "FM"]
[WhiteElo "2342"]
[BlackElo "1988"]
[WhiteTeam "Scotland"]
[BlackTeam "Chinese Taipei"]
[WhiteFideId "2401533"]
[BlackFideId "16300416"]
[EventDate "2020.07.07"]
[EventType "team"]

1. c4 c6 2. g3 d5 3. Nf3 Nf6 4. Bg2 e6 5. b3 Be7 6. Bb2 O-O 7. d3 Nbd7 8. O-O
dxc4 9. bxc4 Qb6 10. Qc2 Rd8 11. Nbd2 Qc7 12. a4 a5 13. Bc3 Nc5 14. d4 Na6 15.
c5 Nd5 16. e4 Nab4 17. Bxb4 Nxb4 18. Qc3 b6 19. cxb6 Qxb6 20. Nc4 Qc7 21. Nfd2
Ba6 22. Rfc1 Rac8 23. Nb3 c5 24. Ncxa5 c4 25. Bf1 Qb8 26. Nxc4 Bg5 27. Rcb1 Be7
28. Nc5 Rxc5 29. dxc5 Bxc5 30. Qe1 Bxc4 31. Bxc4 Qd6 32. Rd1 Qf8 33. Rxd8 Qxd8
34. Rd1 Qa8 35. Bb5 g6 36. Qd2 Bf8 37. Qd4 h5 38. h4 Nc2 39. Qc3 Na3 40. Qc6 Qb8
41. Rd7 Nxb5 42. axb5 Qe5 43. b6 Qa1+ 44. Kg2 Qb2 45. b7 Kg7 46. Qc7 Qf6 47.
b8=Q Kg8 48. Rd8 Qg7 49. Rxf8+ Qxf8 50. Qxf8+ Kxf8 51. Kf3 Kg7 52. e5 Kf8 53.
Kf4 Kg7 54. Kg5 1-0

[Event "Online Olym Div3 B 2020"]
[Site "chess.com INT"]
[Date "2020.07.09"]
[Round "9.1"]
[Board "3"]
[White "Shih, Ching-An"]
[Black "Cooke, Suzie G."]
[Result "1/2-1/2"]
[WhiteTitle "WFM"]
[BlackTitle "WFM"]
[WhiteElo "1582"]
[BlackElo "1915"]
[WhiteTeam "Chinese Taipei"]
[BlackTeam "Scotland"]
[WhiteFideId "16300653"]
[BlackFideId "414930"]
[EventDate "2020.07.07"]
[EventType "team"]

1. e4 e6 2. d4 d5 3. Nd2 Nc6 4. c3 e5 5. dxe5 Nxe5 6. Ngf3 Qe7 7. Be2 Nf6 8.
Nxe5 Qxe5 9. exd5 Nxd5 10. O-O Be6 11. Nc4 Qf6 12. Ne3 O-O-O 13. Qc2 Bc5 14.
Nxd5 Bxd5 15. b4 Bd6 16. Be3 Qe5 17. g3 Kb8 18. Bd4 Qg5 19. f4 Qh6 20. Bf3 Bxf3
21. Rxf3 Rhe8 22. Rff1 b6 23. a3 Bf8 24. Rae1 Qh3 25. Re2 Rxe2 26. Qxe2 Qd7 27.
Re1 Kb7 28. Qe4+ Kb8 29. Qc2 1/2-1/2

[Event "Online Olym Div3 B 2020"]
[Site "chess.com INT"]
[Date "2020.07.09"]
[Round "9.1"]
[Board "4"]
[White "Roy, Ali"]
[Black "Chen, Chi"]
[Result "1-0"]
[WhiteElo "1878"]
[BlackElo "1588"]
[WhiteTeam "Scotland"]
[BlackTeam "Chinese Taipei"]
[WhiteFideId "2400456"]
[BlackFideId "16301633"]
[EventDate "2020.07.07"]
[EventType "team"]

1. Nf3 e6 2. g3 Nf6 3. Bg2 Be7 4. O-O d6 5. d4 Nbd7 6. c4 O-O 7. Nc3 Rb8 8. b3
b6 9. Bb2 Bb7 10. Qc2 c5 11. e4 cxd4 12. Nxd4 Ng4 13. Rad1 Nge5 14. f4 Nc6 15.
Nf3 Nc5 16. a3 Qc7 17. b4 Nd7 18. Nb5 Qc8 19. Nxd6 Bxd6 20. Rxd6 Rd8 21. Rfd1
Nf8 22. Qc3 f6 23. Bh3 Qc7 24. e5 f5 25. g4 g6 26. c5 Ne7 27. Ng5 Bd5 28. gxf5
gxf5 29. Qg3 Kh8 30. Nf7# 1-0

[Event "Online Olym Div3 B 2020"]
[Site "chess.com INT"]
[Date "2020.07.09"]
[Round "9.1"]
[Board "5"]
[White "Wang, Ting-Hao"]
[Black "Shafi, Declan"]
[Result "1/2-1/2"]
[WhiteElo "1737"]
[BlackElo "2166"]
[WhiteTeam "Chinese Taipei"]
[BlackTeam "Scotland"]
[WhiteFideId "16300602"]
[BlackFideId "2405156"]
[EventDate "2020.07.07"]
[EventType "team"]

1. c4 g6 2. Nf3 Bg7 3. g3 c5 4. Bg2 Nc6 5. Nc3 e6 6. e3 Nge7 7. d4 cxd4 8. Nxd4
Nxd4 9. exd4 O-O 10. O-O d5 11. cxd5 Nxd5 12. Nxd5 exd5 13. Be3 Be6 14. Qb3 Qd7
15. Rac1 Rac8 16. Rfd1 b6 17. Bf1 Rxc1 18. Rxc1 Rc8 19. Rxc8+ Qxc8 20. Qa4 Qd7
21. Bb5 Qc7 22. Bd3 1/2-1/2

[Event "Online Olym Div3 B 2020"]
[Site "chess.com INT"]
[Date "2020.07.09"]
[Round "9.1"]
[Board "6"]
[White "Espinosa Cancino, Monica"]
[Black "Tsai, Sophie Yi-Hsuan"]
[Result "1-0"]
[WhiteElo "1666"]
[BlackElo "1131"]
[WhiteTeam "Scotland"]
[BlackTeam "Chinese Taipei"]
[WhiteFideId "22253025"]
[BlackFideId "16302087"]
[EventDate "2020.07.07"]
[EventType "team"]

1. d4 Nf6 2. Nf3 d5 3. g3 e6 4. Bg2 Be7 5. O-O O-O 6. c4 c6 7. cxd5 Nxd5 8. Nc3
Nxc3 9. bxc3 Nd7 10. Qc2 Qc7 11. Rd1 f6 12. Qb3 Nb6 13. a4 Kh8 14. a5 Nd7 15.
Qxe6 Ne5 16. Qb3 Nxf3+ 17. Bxf3 Bh3 18. Bf4 Bd6 19. Bxd6 Qxd6 20. Qxb7 Rfc8 21.
Qb4 Qd7 22. Qa4 Rc7 23. Rab1 Rd8 24. Rb2 Qd6 25. Rbd2 g5 26. Qb4 Qe6 27. c4 Qg8
28. Qc3 Qf7 29. Qb3 h5 30. d5 cxd5 31. Bxd5 Qg7 32. Bg2 Rxd2 33. Rxd2 Bxg2 34.
Kxg2 h4 35. Rd8+ Kh7 36. Qd3+ Kh6 37. Re8 Rd7 38. Qf3 h3+ 39. Kxh3 Rd4 40. Kg2
Rxc4 41. Qa8 Qd7 42. Rh8+ Kg6 43. Qg8+ Kf5 44. Qxc4 Qb7+ 45. f3 g4 46. Qxg4+ Ke5
47. Qh5+ Kd4 48. Rd8+ Kc3 49. Qc5+ Kb3 50. Rd3+ Kb2 51. Qc3+ Kb1 52. Rd1+ Ka2
53. Rd2+ Kb1 54. Qc2+ Ka1 55. Qa2# 1-0

[Event "Online Olym Div3 B 2020"]
[Site "chess.com INT"]
[Date "2020.07.09"]
[Round "9.2"]
[Board "1"]
[White "Alahakoon, Isuru"]
[Black "Oatlhotse, Providence"]
[Result "0-1"]
[WhiteTitle "FM"]
[BlackTitle "IM"]
[WhiteElo "2107"]
[BlackElo "2190"]
[WhiteTeam "Sri Lanka"]
[BlackTeam "Botswana"]
[WhiteFideId "9900993"]
[BlackFideId "11300507"]
[EventDate "2020.07.07"]
[EventType "team"]

1. e4 c5 2. Nf3 e6 3. g3 Nf6 4. e5 Nd5 5. Bg2 Nc6 6. O-O Qc7 7. Re1 Be7 8. Nc3
Nxc3 9. dxc3 d5 10. exd6 Qxd6 11. Qe2 Qc7 12. Bf4 Qb6 13. b3 Bd7 14. Rad1 Rd8
15. Nd2 Na5 16. Ne4 O-O 17. Qh5 Bc6 18. Be3 f5 19. Rxd8 Qxd8 20. Rd1 Qc8 21. Bg5
Bxg5 22. Nxg5 h6 23. Nf3 Qc7 24. Re1 Be4 25. Qg6 Rf6 26. Qe8+ Kh7 27. Rxe4 fxe4
28. Nh4 Qe5 29. Qa4 c4 30. Bxe4+ Qxe4 31. Qxa5 Qe1+ 32. Kg2 Rxf2+ 33. Kh3 Qf1+
34. Kg4 Qe2+ 35. Kh3 Rxh2# 0-1

[Event "Online Olym Div3 B 2020"]
[Site "chess.com INT"]
[Date "2020.07.09"]
[Round "9.2"]
[Board "2"]
[White "Olebile, Thato"]
[Black "Liyanage, Ranindu Dilshan"]
[Result "0-1"]
[WhiteTitle "FM"]
[BlackTitle "CM"]
[WhiteElo "2071"]
[BlackElo "2181"]
[WhiteTeam "Botswana"]
[BlackTeam "Sri Lanka"]
[WhiteFideId "11300760"]
[BlackFideId "9915834"]
[EventDate "2020.07.07"]
[EventType "team"]

1. d4 Nf6 2. c4 e6 3. Nf3 d5 4. Nc3 a6 5. Bg5 dxc4 6. a4 c5 7. e3 cxd4 8. exd4
Qc7 9. Bxf6 gxf6 10. Be2 Nd7 11. Qc2 Rb8 12. O-O b5 13. axb5 axb5 14. Rfe1 Bd6
15. Ne4 Bb7 16. Nxd6+ Qxd6 17. Red1 Nb6 18. b3 Bd5 19. bxc4 Nxc4 20. h3 Qf4 21.
Qc3 O-O 22. Rab1 Kh8 23. Ne1 Rg8 24. Rb4 Rg5 25. g3 Rbg8 26. Rd3 Qf5 27. Bg4 Qg6
28. Rxb5 Nd6 29. Ra5 Ne4 30. Qc1 h5 31. Be2 Nxg3 32. fxg3 Rxg3+ 33. Kf2 Qf5+ 34.
Bf3 Kh7 35. Re3 Qf4 36. Qc2+ f5 37. Qc5 Rxh3 38. Ke2 Rh2+ 39. Kd3 Bxf3 40. Nxf3
Rh3 41. Qe7 Rg7 42. Qb7 Qg4 43. Ra1 f4 44. Qe4+ f5 45. Qxe6 fxe3 46. Ne5 Qe4+
47. Kc4 e2 48. Ra6 Rc7+ 49. Nc6 Qxe6+ 50. d5 Qe4+ 51. Kc5 Rc3+ 52. Kd6 R3xc6+
53. dxc6 Qe7+ 0-1